INRODUCTORYBSTATISTICS (Record no. 22548)

MARC details
000 -LEADER
fixed length control field 00409nam a22001577a 4500
003 - CONTROL NUMBER IDENTIFIER
control field OSt
005 - DATE AND TIME OF LATEST TRANSACTION
control field 20211214153106.0
008 - FIXED-LENGTH DATA ELEMENTS--GENERAL INFORMATION
fixed length control field 211214b |||||||| |||| 00| 0 eng d
040 ## - CATALOGING SOURCE
Transcribing agency HU
082 ## - DEWEY DECIMAL CLASSIFICATION NUMBER
Classification number 519.5
100 ## - MAIN ENTRY--PERSONAL NAME
Personal name WONNACOTT RONALD J.
9 (RLIN) 22960
245 ## - TITLE STATEMENT
Title INRODUCTORYBSTATISTICS
Statement of responsibility, etc. WONNACOTT THOMAS H.
260 ## - PUBLICATION, DISTRIBUTION, ETC.
Place of publication, distribution, etc. WESTERN ONTARIO
Name of publisher, distributor, etc. WILEY
Date of publication, distribution, etc. 1969
300 ## - PHYSICAL DESCRIPTION
Extent XVI 710 p.
Other physical details pc
Dimensions 27
942 ## - ADDED ENTRY ELEMENTS (KOHA)
Source of classification or shelving scheme Dewey Decimal Classification
Koha item type Books like text book referance book
Suppress in OPAC No
Holdings
Withdrawn status Lost status Source of classification or shelving scheme Damaged status Not for loan Collection code Home library Current library Shelving location Date acquired Total Checkouts Full call number Barcode Date last seen Copy number Price effective from Koha item type
    Dewey Decimal Classification     Reference Wondo Genet Library Wondo Genet Library General Stacks 12/14/2021   519.5 won 1969 WGCFNRL00009358 12/14/2021 1 12/14/2021 Books like text book referance book